<?xml version="1.0" encoding="UTF-8"?>
<marc:record xmlns:marc="http://www.loc.gov/MARC21/slim">
   <marc:leader>00000nam a2200000 a 4500</marc:leader>
   <marc:datafield ind1="1" ind2=" " tag="100">
      <marc:subfield code="a">Luserke-Jaqui, Matthias</marc:subfield>
      <marc:subfield code="4">edt</marc:subfield>
      <marc:subfield code="e">Bearbeiter/-in</marc:subfield>
   </marc:datafield>
   <marc:datafield ind1=" " ind2=" " tag="653">
      <marc:subfield code="a">Schiller</marc:subfield>
   </marc:datafield>
   <marc:datafield ind1=" " ind2=" " tag="653">
      <marc:subfield code="a">Friedrich</marc:subfield>
   </marc:datafield>
   <marc:datafield ind1="0" ind2="0" tag="245">
      <marc:subfield code="a">Schiller-Handbuch</marc:subfield>
   </marc:datafield>
   <marc:datafield ind1="0" ind2="0" tag="245">
      <marc:subfield code="b">Leben - Werk - Wirkung</marc:subfield>
   </marc:datafield>
   <marc:datafield ind1="0" ind2="0" tag="245">
      <marc:subfield code="c">hrsg. von Matthias Luserke-Jaqui unter Mitarbeit von Grit Dommes</marc:subfield>
   </marc:datafield>
   <marc:datafield ind1=" " ind2="1" tag="264">
      <marc:subfield code="a">Stuttgart</marc:subfield>
      <marc:subfield code="b">Metzler</marc:subfield>
      <marc:subfield code="c">2005</marc:subfield>
   </marc:datafield>
   <marc:datafield ind1="1" ind2=" " tag="520">
      <marc:subfield code="a">"Das Werk lebt", schrieb Schiller 1785. Auch das 200. Todesjahr Schillers beweist: Dieses Urteil ist mehr als zutreffend! In umfassenden Werkanalysen - neben ausgewählten Gedichten alle Dramen und alle essayistischen Schriften - wird in diesem Handbuch Schillers Werk kompakt und verständlich vorgestellt. Im Mittelpunkt steht der bedeutendste Werkkomplex: die Dramen. Die literatur- und kulturgeschichtlichen Bezüge werden vorgestellt und das grundsätzliche anthropologische Interesse des Dichters, Mediziners, Philosophen und Historikers Schiller gewürdigt. Umfangreiche Angaben zur Entstehungs- und Deutungsgeschichte sowie knappe Einführungen in den aktuellen Forschungsstand mit zahlreichen weiterführenden Literaturhinweisen runden die einzelnen Artikel ab. Zum 200. Todestag Schillers Aktueller Forschungsstand Mit Lebens- und Werkchronik sowie Literaturhinweisen</marc:subfield>
   </marc:datafield>
   <marc:datafield ind1=" " ind2=" " tag="020">
      <marc:subfield code="a">9783476019509</marc:subfield>
      <marc:subfield code="9">9783476019509</marc:subfield>
   </marc:datafield>
   <marc:datafield ind1=" " ind2=" " tag="020">
      <marc:subfield code="a">3476019500</marc:subfield>
      <marc:subfield code="9">3476019500</marc:subfield>
   </marc:datafield>
   <marc:datafield ind1=" " ind2=" " tag="041">
      <marc:subfield code="a">ger</marc:subfield>
   </marc:datafield>
   <marc:datafield ind1=" " ind2=" " tag="300">
      <marc:subfield code="a">X, 651 S.</marc:subfield>
   </marc:datafield>
</marc:record>
